|
|
|
|
| LEADER |
00000cam a2200000 7i4500 |
| 001 |
0000021996 |
| 005 |
20080708.0 |
| 020 |
|
|
|a 9789835405143
|
| 040 |
|
|
|a INS
|
| 090 |
0 |
0 |
|a DS597.215
|b A23 2007
|
| 100 |
0 |
|
|a Abdullah Ahmad Badawi
|c Dato Seri ,
|d 1939-
|
| 245 |
0 |
0 |
|a Koleksi ucapan Abdullah Ahmad Badawi 2006 :
|b siri ucapan penting
|c Abdullah Ahmad Badawi
|f disusun dan disunting oleh Mahazir Yusuff
|
| 260 |
|
|
|a Kuala Lumpur :
|b Jabatan Penerangan Malaysia ,
|c 2007
|
| 300 |
|
|
|a vi, 161 ms. :
|b 26 cm
|
| 440 |
|
1 |
|a Siri ucapan penting
|
| 600 |
0 |
0 |
|a Abdullah Ahmad Badawi ,
|c Dato' Seri ,
|d 1939 -
|
| 650 |
0 |
0 |
|a Speeches, addresses, etc.
|
| 651 |
|
0 |
|a Malaysia
|x Economic condition
|
| 651 |
|
0 |
|a Malaysia
|x Politics and government
|
| 651 |
|
0 |
|a Malaysia
|x Social conditions
|
| 700 |
0 |
|
|a Mahazir Yusuff
|
| 999 |
|
|
|a 0000020022
|b BOOK
|c Open Shelf
|e Default branch
|
| 999 |
|
|
|a 0000020023
|b BOOK
|c Open Shelf
|e Default branch
|
| 999 |
|
|
|a 0000020024
|b BOOK
|c Open Shelf
|e Default branch
|
| 999 |
|
|
|a 0000020025
|b BOOK
|c Open Shelf
|e Default branch
|